<?xml version="1.0" encoding="UTF-8"?>
<record
    xmlns:xsi="http://www.w3.org/2001/XMLSchema-instance"
    xsi:schemaLocation="http://www.loc.gov/MARC21/slim http://www.loc.gov/standards/marcxml/schema/MARC21slim.xsd"
    xmlns="http://www.loc.gov/MARC21/slim">

  <leader>04052nam a2200337 a 4500</leader>
  <controlfield tag="003">DO-SdBNP</controlfield>
  <controlfield tag="005">20221129095726.0</controlfield>
  <controlfield tag="007">ta</controlfield>
  <controlfield tag="008">221128e2006    dr  |||fr|||| 00| e spa d</controlfield>
  <datafield tag="020" ind1=" " ind2=" ">
    <subfield code="a">9945412132 (v.6)</subfield>
  </datafield>
  <datafield tag="020" ind1=" " ind2=" ">
    <subfield code="a">9945412140 (o.c.)</subfield>
  </datafield>
  <datafield tag="040" ind1=" " ind2=" ">
    <subfield code="a">DO-SdBNP</subfield>
    <subfield code="b">spa</subfield>
    <subfield code="c">BNPHU</subfield>
  </datafield>
  <datafield tag="082" ind1=" " ind2="4">
    <subfield code="2">22</subfield>
    <subfield code="b">T776s</subfield>
  </datafield>
  <datafield tag="245" ind1="1" ind2="0">
    <subfield code="a">Tratados sobre derecho internacional. /</subfield>
    <subfield code="c">Editor, Aida Montero; Pr&#xF3;logo Rosa Campillo Celado; Presentaci&#xF3;n, Frederic Eman-Zade</subfield>
  </datafield>
  <datafield tag="260" ind1=" " ind2=" ">
    <subfield code="a">Santo Domingo :</subfield>
    <subfield code="b">Fundaci&#xF3;n Global Democracia y Desarrollo (FUNGLODE),</subfield>
    <subfield code="c">2006</subfield>
  </datafield>
  <datafield tag="300" ind1=" " ind2=" ">
    <subfield code="a">478 [xvii] p. :</subfield>
    <subfield code="c">25 cm.</subfield>
  </datafield>
  <datafield tag="490" ind1=" " ind2=" ">
    <subfield code="a">Tratados y Acuerdos Internacionales de la Rep&#xFA;blica Dominicana 1844- 1998 ;</subfield>
    <subfield code="v">6</subfield>
  </datafield>
  <datafield tag="500" ind1=" " ind2=" ">
    <subfield code="a">Incluye &#xED;ndice anal&#xED;tico.</subfield>
  </datafield>
  <datafield tag="505" ind1=" " ind2=" ">
    <subfield code="a">Presentaci&#xF3;n.</subfield>
  </datafield>
  <datafield tag="505" ind1=" " ind2=" ">
    <subfield code="a">Pr&#xF3;logo.</subfield>
  </datafield>
  <datafield tag="505" ind1=" " ind2=" ">
    <subfield code="a">Introducci&#xF3;n.</subfield>
    <subfield code="t">Comunicado del General Libertador Pedro Santana sobre anexi&#xF3;n a Espa&#xF1;a.--</subfield>
    <subfield code="t">Convenio para el arrendamiento de la Bah&#xED;a de Saman&#xE1;.--</subfield>
    <subfield code="t">Convenci&#xF3;n entre la Rep&#xFA;blica Dominicana y el Salvador.--</subfield>
    <subfield code="t">Convenio de arbitraje entre Rep&#xFA;blica Dominicana y Espa&#xF1;a.--</subfield>
    <subfield code="t">Tratado de arbitraje entre Rep&#xFA;blica Dominicana y Argentina, Bolivia, Per&#xFA;, Guatemala, El Salvador.--</subfield>
    <subfield code="t">Tratado Convenio de R&#xED;o para la creaci&#xF3;n de una Junta Internacional de Jurisconsultos.--</subfield>
    <subfield code="t">Convenci&#xF3;n sobre el ejercicio de Profesiones Liberales adoptadas en la Segunda Conferencia Interamericana.--</subfield>
    <subfield code="t">Convenci&#xF3;n sobre el Ejercicio de Profesiones Liberales.--</subfield>
    <subfield code="t">Convenci&#xF3;n sobre Reclamaciones Pecuniarias Celebrada en Buenos Aires el 11 de agosto de 1910.--</subfield>
    <subfield code="t">Convenci&#xF3;n sobre reclamaciones pecuniarias.--</subfield>
    <subfield code="t">Convenio de Arbitraje entre la Rep&#xFA;blica Dominicana y los Estados Unidos de Brasil.--</subfield>
    <subfield code="t">Protocolo relativo a la no Intervenci&#xF3;n, Conferencia Interamericana de Consolidaci&#xF3;n de la Paz, Buenos Aires, Argentina de 1936.--</subfield>
    <subfield code="t">Tratado Interamericano sobre Buenos Oficios y Medici&#xF3;n, Conferencia Interamericana para la Consolidaci&#xF3;n de la Paz.--</subfield>
    <subfield code="t">Modus Operandi con la Rep&#xFA;blica de Hait&#xED;.--</subfield>
    <subfield code="t">Convenio sobre la Nacionalidad de la Mujer Casada.--</subfield>
    <subfield code="t">Protocolo a la Convenci&#xF3;n sobre Deberes y Derechos de los Estados en Caso Luchas Civiles.--</subfield>
    <subfield code="t">Convenci&#xF3;n sobre el Mar Territorial y la Zona Contigua.--</subfield>
    <subfield code="t">Convenci&#xF3;n Sobre el Consentimiento para El Matrimonio, La Edad M&#xED;nima para Contraer matrimonio y el Registro de los Matrimonios.--</subfield>
    <subfield code="t">Convenio de Doble Nacionalidad entre Rep&#xFA;blica Dominicana y Espa&#xF1;a.--</subfield>
    <subfield code="t">Tratado Sobre los Principios que deben regir las Actividades de los Estados en la Exploraci&#xF3;n y utilizaci&#xF3;n del Espacio Ultrarerrestre, incluso la Luna y otros Cuerpos Celeste.-- </subfield>
    <subfield code="t">Convenio Sobre Responsabilidad Internacional por Da&#xF1;os Causados por Objetos Especiales.--</subfield>
    <subfield code="t">Convenio Interamericano sobre Conflicto de Leyes en materia de Cheques.--</subfield>
    <subfield code="t">Convenci&#xF3;n Interamericano sobre Conflicto de Leyes en materia de Letras de Cambio, Pagar&#xE9;s y Facturas.--</subfield>
    <subfield code="t">Convenci&#xF3;n sobre La Prescripci&#xF3;n en Materia de Compraventa Internacional de Mercader&#xED;a.--</subfield>
    <subfield code="t">Convenio Internacional sobre R&#xE9;gimen Legal de Poderes para ser Utilizada en Extranjero.--</subfield>
    <subfield code="t">Acuerdo Sobre Delimitaci&#xF3;n de &#xC1;reas Marinas y Submarinas y Cooperaci&#xF3;n Mar&#xED;tima entre Rep&#xFA;blica Dominicana y Colombia.--</subfield>
    <subfield code="t">Convenio Suscrito entre la Rep&#xFA;blica Dominicana y Hait&#xED; para la Construcci&#xF3;n del Dique Derivador Internacional sobre el R&#xED;o Pedernales.--</subfield>
    <subfield code="t">Tratado sobre Delimitaci&#xF3;n de &#xC1;reas Marinas y Submarinas entre Rep&#xFA;blica Dominicana y la Rep&#xFA;blica de Venezuela.--</subfield>
    <subfield code="t">Protocolo al tratado relativo a la Neutralidad Permanente y Funcionamiento del Canal de Panam&#xE1;.--</subfield>
    <subfield code="t">Convenci&#xF3;n Interamericana sobre Recepci&#xF3;n de Pruebas en el Extranjero.--</subfield>
    <subfield code="t">&#xCD;ndice Anal&#xED;tico.</subfield>
  </datafield>
  <datafield tag="590" ind1=" " ind2=" ">
    <subfield code="a">Inventariado 2022 / MF</subfield>
  </datafield>
  <datafield tag="650" ind1=" " ind2="4">
    <subfield code="9">8603</subfield>
    <subfield code="a">Derecho Internacional </subfield>
    <subfield code="z">Rep&#xFA;blica Dominicana</subfield>
  </datafield>
  <datafield tag="650" ind1=" " ind2="4">
    <subfield code="9">14579</subfield>
    <subfield code="a">Filosof&#xED;a del Derecho</subfield>
    <subfield code="z">Rep&#xFA;blica Dominicana</subfield>
  </datafield>
  <datafield tag="651" ind1=" " ind2="4">
    <subfield code="9">10214</subfield>
    <subfield code="a">Rep&#xFA;blica Dominicana</subfield>
    <subfield code="x">Tratados Internacional</subfield>
  </datafield>
  <datafield tag="700" ind1="1" ind2=" ">
    <subfield code="9">10217</subfield>
    <subfield code="a">Montero, Aida</subfield>
    <subfield code="e">ed.</subfield>
  </datafield>
  <datafield tag="700" ind1="1" ind2=" ">
    <subfield code="9">10218</subfield>
    <subfield code="a">Campillo Celado, Rosa</subfield>
    <subfield code="e">pr&#xF3;l.</subfield>
  </datafield>
  <datafield tag="700" ind1="1" ind2=" ">
    <subfield code="a">Eman-Zade, Frederic </subfield>
    <subfield code="9">82896</subfield>
  </datafield>
  <datafield tag="910" ind1=" " ind2=" ">
    <subfield code="a">MFeliz</subfield>
  </datafield>
  <datafield tag="942" ind1=" " ind2=" ">
    <subfield code="2">ddc</subfield>
    <subfield code="c">LBS1</subfield>
  </datafield>
  <datafield tag="952" ind1=" " ind2=" ">
    <subfield code="0">0</subfield>
    <subfield code="1">0</subfield>
    <subfield code="2">ddc</subfield>
    <subfield code="5">1</subfield>
    <subfield code="7">0</subfield>
    <subfield code="8">PD</subfield>
    <subfield code="a">BNPHU</subfield>
    <subfield code="b">BNPHU</subfield>
    <subfield code="c">CT</subfield>
    <subfield code="d">2022-05-19</subfield>
    <subfield code="e">Donado por Ubis Rivas</subfield>
    <subfield code="l">0</subfield>
    <subfield code="o">T776s</subfield>
    <subfield code="p">2022-5783</subfield>
    <subfield code="r">2022-11-28</subfield>
    <subfield code="w">2022-11-28</subfield>
    <subfield code="y">LBS1</subfield>
  </datafield>
  <datafield tag="999" ind1=" " ind2=" ">
    <subfield code="c">53014</subfield>
    <subfield code="d">53014</subfield>
  </datafield>
</record>
